MESTSKÁ KNIŽNICA GIRALTOVCE  - online katalóg 

Charkov: Pochod smrti : (Record no. 23286)

000 -NÁVESTIE
fixed length control field 01484nam a2200421 a 4500
001 - EVIDENČNÉ ČÍSLO ZÁZNAMU - Kontrolné číslo
control field 000637985
005 - DÁTUM A ČAS POSLEDNEJ TRANSAKCIE
control field 20220808082342.0
007 - POLE PEVNEJ DĹŽKY PRE FYZICKÝ POPIS – VŠEOBECNE
fixed length control field ta
008 - ÚDAJE S PEVNOU DĹŽKOU – VŠEOBECNÉ INFORMÁCIE
fixed length control field 021125s2002 xr g f cze d
020 ## - MEDZINÁRODNÉ ŠTANDARDNÉ ČÍSLO KNIHY (ISBN)
Medzinárodné štandardné číslo knihy (ISBN) 8024206102
Qualifying information (Euromedia Group - Knižní klub ; váz.)
020 ## - MEDZINÁRODNÉ ŠTANDARDNÉ ČÍSLO KNIHY (ISBN)
Medzinárodné štandardné číslo knihy (ISBN) 8072144693
Qualifying information (Baronet ; váz.)
035 ## - Iný štandardný identifikátor
Iný štandardný identifikátor (OCoLC)85032575
040 ## - ZDROJ KATALOGIZÁCIE
Pôvodná katalogizujúca agentúra BOA001
Jazyk katalogizácie cze
Prepisujúca agentúra BOA001
041 1# - KÓD JAZYKA
Kód jazyka textu/zvukovej stopy alebo samostatných nápisov cze
Kód jazyka originálu a/alebo sprostredkujúcich prekladov textu eng
072 #7 - KÓD PREDMETOVEJ KATEGÓRIE
Kód predmetovej kategórie 821.111-3
Pododdiel kódu predmetovej kategórie Anglická próza, anglicky psaná
Zdroj Konspekt
080 ## - ČÍSLO MEDZINÁRODNÉHO DESATINNÉHO TRIEDENIA (MDT)
Číslo Medzinárodného desatinného triedenia (MDT) 821.111-31
Identifikátor vydania MRF
080 ## - ČÍSLO MEDZINÁRODNÉHO DESATINNÉHO TRIEDENIA (MDT)
Číslo Medzinárodného desatinného triedenia (MDT) 355.318
Identifikátor vydania MRF
080 ## - ČÍSLO MEDZINÁRODNÉHO DESATINNÉHO TRIEDENIA (MDT)
Číslo Medzinárodného desatinného triedenia (MDT) 355.48(477)
Identifikátor vydania MRF
080 ## - ČÍSLO MEDZINÁRODNÉHO DESATINNÉHO TRIEDENIA (MDT)
Číslo Medzinárodného desatinného triedenia (MDT) 94(100)"1939/1945"
Identifikátor vydania MRF
080 ## - ČÍSLO MEDZINÁRODNÉHO DESATINNÉHO TRIEDENIA (MDT)
Číslo Medzinárodného desatinného triedenia (MDT) 94(477)
Identifikátor vydania MRF
080 ## - ČÍSLO MEDZINÁRODNÉHO DESATINNÉHO TRIEDENIA (MDT)
Číslo Medzinárodného desatinného triedenia (MDT) (0:82-311.6)
Identifikátor vydania MRF
100 1# - OSOBNÉ MENÁ – VŠEOBECNÉ INFORMÁCIE
Osobné meno Kessler, Leo,
Dátumy súvisiace s menom 1926-2007
Kód roly aut
-- 3254
245 10 - NÁZOV
Názov Charkov: Pochod smrti :
Zvyšok názvu z historie pluku SS Wotan /
Údaj o zodpovednosti atď. Leo Kessler ; [přeložil Bohumil Neumann]
246 33 - INÁ FORMA NÁZVU
Hlavný názov/skrátený názov Pochod smrti
250 ## - ÚDAJ O PORADÍ VYDANIA
Údaj o poradí vydania Vyd. 1.
260 ## - VYDAVATEĽSKÉ ÚDAJE, DISTRIBÚCIA ATĎ.
Miesto publikovania, distribúcie atď. Praha :
Názov vydavateľa, distibútora atď. Baronet,
Dátum publikovania, distribúcie atď. 2002
300 ## - FYZICKÝ POPIS
Rozsah 246 s. ;
Rozmery 21 cm
500 ## - VŠEOBECNÁ POZNÁMKA
Formátovaná poznámka o obsahu Vydáno ve spolupráci s Knižním klubem
610 27 - PRIDANÝ VSTUP – PREDMET – KORPORATÍVNE MENO
Korporatívne meno alebo meno jurisdikcie ako vstupný prvok Waffen-SS
Zdroj hesla alebo termínu czenas
-- 3255
650 07 - PRIDANÝ VSTUP – PREDMET – TEMATICKÉ HESLO
Tematické heslo alebo geografický názov ako vstupný prvok speciální jednotky (vojenství)
Geografický pododdiel Německo
Zdroj hesla alebo termínu czenas
-- 3256
650 07 - PRIDANÝ VSTUP – PREDMET – TEMATICKÉ HESLO
Tematické heslo alebo geografický názov ako vstupný prvok Charkov, bitva, 1942
Zdroj hesla alebo termínu czenas
-- 3257
650 07 - PRIDANÝ VSTUP – PREDMET – TEMATICKÉ HESLO
Tematické heslo alebo geografický názov ako vstupný prvok druhá světová válka, 1939-1945
Geografický pododdiel Ukrajina
Zdroj hesla alebo termínu czenas
-- 3258
651 #7 - PRIDANÝ VSTUP – PREDMET – GEOGRAFICKÝ NÁZOV
Geografický názov Charkov (Ukrajina)
Všeobecný pododdiel dějiny
Chronologický pododdiel 1942
Zdroj hesla alebo termínu czenas
-- 3259
655 #7 - INDEXAČNÝ TERMÍN – ŽÁNER/FORMA
Údaje o žánri/forme alebo termín, ktorý je prvok fazety anglické romány
Zdroj termínu czenas
-- 8
655 #7 - INDEXAČNÝ TERMÍN – ŽÁNER/FORMA
Údaje o žánri/forme alebo termín, ktorý je prvok fazety válečné romány
Zdroj termínu czenas
-- 3260
700 1# - PRIDANÝ VSTUP – OSOBNÉ MENO
Osobné meno Neumann, Bohumil,
Dátumy súvisiace s menom 1930-2010
Kód roly trl
-- 3261
765 0# - VÄZBA NA PÔVODNÝ JAZYK
Názov March of death
Holdings
Stav stiahnutia (Blokovanie) (Withrawn status) Stav straty Zdroj klasifikácie pre skladovanie Stav poškodenia (Damaged status) Nie pre výpožičky (Not for loan) Spôsob nadobudnutia (Collection code) Trvalé umiestnenie Aktuálne umiestnenie Dátum nadobudnutia Inventárne číslo (prírastkové číslo) Celkom výpožičky Full call number Čiarový kód Dátum posledného výskytu Dátum poslednej výpôžičky Cena s účinnosťou od Typ jednotky Koha
          Kúpa Mestská knižnica Giraltovce Mestská knižnica Giraltovce 2022-07-07 21619 1 B10486 B10486 2024-06-24 2024-06-07 2022-08-08 Krásna literatúra pre dospelých

Powered by Koha